The Party Wall, etc Act 1996: differences of opinion in interpreting section 1 (Record no. 65601)
[ view plain ]
| 000 -LEADER | |
|---|---|
| fixed length control field | 01199cam a2200205 4500 |
| 001 - CONTROL NUMBER | |
| control field | ABS63250 |
| 008 - FIXED-LENGTH DATA ELEMENTS--GENERAL INFORMATION | |
| fixed length control field | 000000n2000 000 0 eng u |
| 035 ## - SYSTEM CONTROL NUMBER | |
| System control number | (Sirsi) u109987 |
| 100 ## - MAIN ENTRY--PERSONAL NAME | |
| Personal name | Ainsworth, R |
| 245 #4 - TITLE STATEMENT | |
| Title | The Party Wall, etc Act 1996: differences of opinion in interpreting section 1 |
| 260 ## - PUBLICATION, DISTRIBUTION, ETC. | |
| Date of publication, distribution, etc. | 2000 |
| 490 ## - SERIES STATEMENT | |
| Series statement | Structural Survey |
| Volume/sequential designation | 18(5) December 2000, 213-217(5) |
| 520 ## - SUMMARY, ETC. | |
| Summary, etc. | Notes that differences of opinion often arise regarding the correct interpretation of provisions within the Party Wall, etc Act 1996. Argues that this is frequently due to ambiguities within the wording of the statute and to a lack of clarity within its provisions regarding its relationship to the common law. Examines three areas within section 1 of the Act where differences of opinion arise and challenges some of the assumptions regarding their correct interpretation. Concludes that differences of opinion will continue to arise until the deficiencies within the legislation are properly adddressed. Journal abstract. |
| 590 ## - LOCAL NOTE (RLIN) | |
| Local note | ABS |
| 650 ## - SUBJECT ADDED ENTRY--TOPICAL TERM | |
| Topical term or geographic name entry element | PARTY WALL ETC ACT 1996 S1 |
| 650 ## - SUBJECT ADDED ENTRY--TOPICAL TERM | |
| Topical term or geographic name entry element | Party walls |
| 9 (RLIN) | 6258 |
| 650 ## - SUBJECT ADDED ENTRY--TOPICAL TERM | |
| Topical term or geographic name entry element | INTERPRETATION |
| 690 ## - LOCAL SUBJECT ADDED ENTRY--TOPICAL TERM (OCLC, RLIN) | |
| Topical term or geographic name as entry element | Boundary disputes |
| 9 (RLIN) | 6221 |
| 942 ## - ADDED ENTRY ELEMENTS (KOHA) | |
| Suppress in OPAC | 0 |
| Withdrawn status | Lost status | Source of classification or shelving scheme | Damaged status | Not for loan | Home library | Current library | Shelving location | Date acquired | Total Checkouts | Full call number | Barcode | Date last seen | Copy number | Price effective from | Koha item type |
|---|---|---|---|---|---|---|---|---|---|---|---|---|---|---|---|
| Dewey Decimal Classification | London | London | Journal article | 15/12/2000 | ABS63250 | 109987-1001 | 06/08/2019 | 1 | 06/08/2019 | Journal article |